Football - Stades de Ligue 1 2024/2025 - Statistiques

Statistiques générales
  • Ce quiz a été pris 503 fois
    255 depuis la dernière actualisation
  • Le résultat moyen est 9 sur 18
Statistiques - réponses
Clubs Stades % Correct
Paris Saint-Germain Parc des Princes
100%
Olympique de Marseille Orange Vélodrome
84%
Olympique Lyonnais Groupama Stadium
78%
FC Nantes Stade de la Beaujoire
73%
AS Monaco Stade Louis II
65%
OGC Nice Allianz Riviera
64%
LOSC Lille Stade Pierre Mauroy
59%
RC Lens Stade Bollaert-Delelis
50%
Montpellier Hérault Stade de la Mosson
48%
RC Strasbourg Stade de la Meinau
47%
Stade Rennais Roazhon Park
43%
Angers SCO Stade Raymond-Kopa
41%
Auxerre Stade de l'Abbé-Deschamps
38%
Le Havre AC Stade Océane
37%
Stade Brestois 29 Stade Francis Le Blé
36%
AS Saint-Etienne Stade Geoffroy-Guichard
33%
Stade de Reims Stade Auguste Delaune
29%
Toulouse Football Club Stadium TFC
4%
Aucun quiz correspondant
Distribution des résultats
% des personnes avec chaque résultat
Percentile par nombre de réponses
Votre historique - résultats
Vous n’avez pas pris ce quiz depuis la dernière actualisation